Linear models /
Guardado en:
| Autor Principal: | |
|---|---|
| Formato: | Libro |
| Idioma: | English |
| Publicado: |
New York :
Wiley,
c1971.
|
| Series: | A Wiley publication in mathematical statistics
|
| Materias: | |
| Etiquetas: |
Agregar Etiqueta
Sin Etiquetas, Sea el primero en etiquetar este registro!
|
| LEADER | 00949cam a22002655a 4500 | ||
|---|---|---|---|
| 001 | EIQ.libpla002850 | ||
| 008 | 710526s1971####nyu######b####001#0#eng#d | ||
| 005 | 20070904161028.0 | ||
| 245 | 1 | 0 | |a Linear models / |c [by] S. R. Searle. |
| 260 | |a New York : |b Wiley, |c c1971. | ||
| 300 | |a xxi, 532 p. ; |c 23 cm. | ||
| 490 | 0 | |a A Wiley publication in mathematical statistics | |
| 504 | |a Incluye referencias bibliográficas e índice. | ||
| 020 | |a 0471769509 | ||
| 100 | 1 | |a Searle, S. R. |q (Shayle R.), |d 1928- | |
| 082 | 0 | 0 | |a 519.5 |
| 650 | 4 | |a Matemática |x Teoría de estimación. | |
| 650 | 4 | |a Matemática |x Análisis de variancia. | |
| 650 | 4 | |a Matemática |x Modelos lineales (Estadísticas). | |
| 650 | 4 | |a Mathematical |x Analysis of variance. | |
| 650 | 4 | |a Mathematical |x Estimation theory. | |
| 650 | 4 | |a Mathematical |x Linear models (Statistics). | |
| 010 | |a 70138919 | ||
| 040 | |a DLC |c DLC |d AR-BbSID | ||
| 859 | |a AR-BbSID |b BIB. PLAPIQUI |h 519.72 |i Se 17 |p 1814 | ||
